000 00664nam a2200217Ia 4500
003 GCL
008 140319s9999 xx 000 0 ara d
020 _a1365301977
040 _aGCL /
_cGCL
082 0 4 _a810.9
_bم ا
100 1 _aمحمد السيد عيد
245 1 0 _aاحمد امين /
_cمحمد السيد عيد
260 _aالقاهرة :
_bالهيئة المصرية العامة للكتاب ،
_c1994
300 _a170 ص ؛
_c19 سم
490 _aنقاد الادب
_v14
650 0 4 _aالادب العربى
650 0 4 _aالتراجم
650 0 4 _aالادباء العرب
650 0 4 _aتاريخ ونقد
942 _2ddc
_cBK
999 _c28878
_d28878